京都セラミック : 株価日本一
Gorde:
| Egile nagusia: | |
|---|---|
| Formatua: | Liburua |
| Hizkuntza: | Undetermined |
| Argitaratua: |
東京
朝日ソノラマ
1980
|
| Gaiak: | |
| Etiketak: |
Etiketa erantsi
Etiketarik gabe, Izan zaitez lehena erregistro honi etiketa jartzen!
|
| Thư viện lưu trữ: | Trung tâm Học liệu Trường Đại học Cần Thơ |
|---|
| LEADER | 00528nam a2200193Ia 4500 | ||
|---|---|---|---|
| 001 | CTU_93453 | ||
| 008 | 210402s9999 xx 000 0 und d | ||
| 082 | |a 338.8 | ||
| 082 | |b S129 | ||
| 100 | |a 相良竜介(さがら りょうすけ) | ||
| 245 | 0 | |a 京都セラミック : 株価日本一 | |
| 245 | 0 | |c 相良竜介 | |
| 260 | |a 東京 | ||
| 260 | |b 朝日ソノラマ | ||
| 260 | |c 1980 | ||
| 650 | |a Corporations | ||
| 650 | |x Japan | ||
| 904 | |i Ngoc | ||
| 980 | |a Trung tâm Học liệu Trường Đại học Cần Thơ | ||